<?xml version="1.0" encoding="UTF-8"?>
<record
    xmlns:xsi="http://www.w3.org/2001/XMLSchema-instance"
    xsi:schemaLocation="http://www.loc.gov/MARC21/slim http://www.loc.gov/standards/marcxml/schema/MARC21slim.xsd"
    xmlns="http://www.loc.gov/MARC21/slim">

  <leader>01916    a2200301   4500</leader>
  <controlfield tag="003">Nust</controlfield>
  <controlfield tag="005">20221124112020.0</controlfield>
  <datafield tag="010" ind1=" " ind2=" ">
    <subfield code="a">   92008876</subfield>
  </datafield>
  <datafield tag="020" ind1=" " ind2=" ">
    <subfield code="a">052143064X (book)</subfield>
  </datafield>
  <datafield tag="020" ind1=" " ind2=" ">
    <subfield code="a">0521437164 (diskette)</subfield>
  </datafield>
  <datafield tag="020" ind1=" " ind2=" ">
    <subfield code="a">0521437172 (diskette)</subfield>
  </datafield>
  <datafield tag="020" ind1=" " ind2=" ">
    <subfield code="a">0521437199 (diskette)</subfield>
  </datafield>
  <datafield tag="020" ind1=" " ind2=" ">
    <subfield code="a">0521437210 (example book)</subfield>
  </datafield>
  <datafield tag="040" ind1=" " ind2=" ">
    <subfield code="c">Nust</subfield>
  </datafield>
  <datafield tag="082" ind1="0" ind2="0">
    <subfield code="a">519.402855,PRE</subfield>
  </datafield>
  <datafield tag="245" ind1="0" ind2="0">
    <subfield code="a">Numerical recipes in FORTRAN :</subfield>
    <subfield code="b">the art of scientific computing / </subfield>
    <subfield code="c">William H. Press ... [et al.].</subfield>
  </datafield>
  <datafield tag="250" ind1=" " ind2=" ">
    <subfield code="a">2nd ed.</subfield>
  </datafield>
  <datafield tag="260" ind1=" " ind2=" ">
    <subfield code="a">Cambridge [England] ;</subfield>
    <subfield code="a">New York, NY, USA :</subfield>
    <subfield code="b">Cambridge University Press,</subfield>
    <subfield code="c">1992.</subfield>
  </datafield>
  <datafield tag="300" ind1=" " ind2=" ">
    <subfield code="a">xxvi, 963 p. :</subfield>
    <subfield code="b">ill. ;</subfield>
    <subfield code="c">26 cm.</subfield>
  </datafield>
  <datafield tag="505" ind1=" " ind2=" ">
    <subfield code="a">Prelimenaries (Page-1), Solution of Linear Algebraic Equations (Page-22), Interpolation and Extrapolation  (Page-99), Integration of Functions (Page-123), Evaluation of Functions (Page-159), Special Functions (Page-205), Random Numbers (Page-266), Sorting (Page-320), Root Finding and Nonlinear Sets of Equations (Page-340), Minimization or Maximization of Functions (Page-387), Eigensystems (Page-449), Fast Fourier Transform (Page-490), Fourier and Spectral Applications (Page-530), Statistical Description of Data (Page-603), Modeling of Data (Page-650), Integrarion of Ordinary Differential Equations (Page-701), Two Point Boundary Value Problems (Page-745), Integral Equatios and Inverse Theory (Page-779),  Partial Differential Equations (Page-818),  Less Numerical Algorithms (Page-881).</subfield>
    <subfield code="r">,</subfield>
  </datafield>
  <datafield tag="650" ind1=" " ind2="0">
    <subfield code="a">FORTRAN (Computer program language)</subfield>
    <subfield code="9">26734</subfield>
  </datafield>
  <datafield tag="650" ind1=" " ind2="0">
    <subfield code="a">Numerical analysis</subfield>
    <subfield code="x">Computer programs.</subfield>
    <subfield code="9">1808</subfield>
  </datafield>
  <datafield tag="650" ind1=" " ind2="0">
    <subfield code="a">Science</subfield>
    <subfield code="x">Mathematics</subfield>
    <subfield code="x">Computer programs.</subfield>
    <subfield code="9">1809</subfield>
  </datafield>
  <datafield tag="700" ind1="1" ind2=" ">
    <subfield code="a">Press, William H.</subfield>
    <subfield code="9">1811</subfield>
  </datafield>
  <datafield tag="856" ind1="4" ind2="1">
    <subfield code="3">Publisher description</subfield>
    <subfield code="u">http://www.loc.gov/catdir/description/cam041/92008876.html</subfield>
  </datafield>
  <datafield tag="856" ind1="4" ind2="1">
    <subfield code="3">Table of contents</subfield>
    <subfield code="u">http://www.loc.gov/catdir/toc/cam041/92008876.html</subfield>
  </datafield>
  <datafield tag="942" ind1=" " ind2=" ">
    <subfield code="c">REF</subfield>
    <subfield code="2">ddc</subfield>
    <subfield code="k">519.402855,PRE</subfield>
  </datafield>
  <datafield tag="999" ind1=" " ind2=" ">
    <subfield code="c">175388</subfield>
    <subfield code="d">175388</subfield>
  </datafield>
  <datafield tag="952" ind1=" " ind2=" ">
    <subfield code="0">0</subfield>
    <subfield code="1">0</subfield>
    <subfield code="2">ddc</subfield>
    <subfield code="4">0</subfield>
    <subfield code="7">0</subfield>
    <subfield code="8">NFIC</subfield>
    <subfield code="a">MCS</subfield>
    <subfield code="b">MCS</subfield>
    <subfield code="d">2016-12-12</subfield>
    <subfield code="l">0</subfield>
    <subfield code="o">519.4028553  PRE</subfield>
    <subfield code="p">MCS27086</subfield>
    <subfield code="r">2016-12-08</subfield>
    <subfield code="w">2016-12-12</subfield>
    <subfield code="y">BK</subfield>
  </datafield>
</record>
